[Event "DEM U14 2023"]
[Site "Willingen GER"]
[Date "2023.06.03"]
[Round "9"]
[White "Weber, Nikita"]
[Black "Torosyan, Bagrat"]
[Result "0-1"]
[Termination "normal"]
[Board "15"]
[WhiteElo "1531"]
[BlackElo "1973"]
[WhiteClock "00:26:28"]
[BlackClock "00:11:32"]
[PlyCount "154"]
[WhiteFideId "34608770"]
[BlackFideId "16258134"]
[EventCountry "GER"]
[EventRounds "9"]
[EventType "swiss"]
[EventDate "2023.05.27"]

1. c4 {[%clk 01:30:58]} {[%emt 00:00:02]} e5 {[%clk 01:30:57]} {[%emt
00:00:04]} 2. Nc3 {[%clk 01:31:23]} {[%emt 00:00:08]} Nc6 {[%clk 01:31:22]}
{[%emt 00:00:02]} 3. g3 {[%clk 01:31:35]} {[%emt 00:00:19]} Nf6 {[%clk
01:31:39]} {[%emt 00:00:11]} 4. Bg2 {[%clk 01:31:46]} {[%emt 00:00:23]} Bb4
{[%clk 01:31:58]} {[%emt 00:00:09]} 5. Nd5 {[%clk 01:25:12]} {[%emt 00:07:02]}
O-O {[%clk 01:31:49]} {[%emt 00:00:38]} 6. Nxb4 {[%clk 01:20:25]} {[%emt
00:05:18]} Nxb4 {[%clk 01:32:15]} {[%emt 00:00:03]} 7. d3 {[%clk 01:18:52]}
{[%emt 00:02:04]} d5 {[%clk 01:23:12]} {[%emt 00:09:33]} 8. cxd5 {[%clk
01:18:49]} {[%emt 00:00:34]} Nbxd5 {[%clk 01:23:24]} {[%emt 00:00:17]} 9. Nf3
{[%clk 01:17:04]} {[%emt 00:02:16]} Re8 {[%clk 01:19:25]} {[%emt 00:04:28]} 10.
Bg5 {[%clk 01:16:25]} {[%emt 00:01:09]} h6 {[%clk 01:18:33]} {[%emt 00:01:22]}
11. Bxf6 {[%clk 01:15:11]} {[%emt 00:01:44]} Nxf6 {[%clk 01:18:21]} {[%emt
00:00:42]} 12. O-O {[%clk 01:15:02]} {[%emt 00:00:38]} Qe7 {[%clk 01:15:04]}
{[%emt 00:03:46]} 13. Nd2 {[%clk 01:14:26]} {[%emt 00:01:06]} c6 {[%clk
01:10:21]} {[%emt 00:05:13]} 14. Ne4 {[%clk 01:09:52]} {[%emt 00:05:05]} Nxe4
{[%clk 01:08:29]} {[%emt 00:02:22]} 15. Bxe4 {[%clk 01:10:01]} {[%emt
00:00:21]} Bh3 {[%clk 01:08:30]} {[%emt 00:00:28]} 16. Bg2 {[%clk 01:09:14]}
{[%emt 00:01:17]} Bxg2 {[%clk 01:08:53]} {[%emt 00:00:07]} 17. Kxg2 {[%clk
01:09:42]} {[%emt 00:00:03]} e4 {[%clk 01:09:08]} {[%emt 00:00:15]} 18. d4
{[%clk 01:08:04]} {[%emt 00:02:08]} e3 {[%clk 01:05:50]} {[%emt 00:03:47]} 19.
f3 {[%clk 01:06:33]} {[%emt 00:02:02]} Qb4 {[%clk 01:04:40]} {[%emt 00:01:39]}
20. Qb3 {[%clk 01:03:05]} {[%emt 00:03:58]} Qxd4 {[%clk 00:55:19]} {[%emt
00:09:51]} 21. Rfd1 {[%clk 00:58:59]} {[%emt 00:04:37]} Qb6 {[%clk 00:51:15]}
{[%emt 00:04:34]} 22. Rd7 {[%clk 00:58:27]} {[%emt 00:01:03]} Qxb3 {[%clk
00:47:59]} {[%emt 00:03:46]} 23. axb3 {[%clk 00:58:56]} Red8 {[%clk 00:42:31]}
{[%emt 00:05:58]} 24. Rad1 {[%clk 00:57:23]} {[%emt 00:02:03]} Rxd7 {[%clk
00:40:39]} {[%emt 00:02:22]} 25. Rxd7 {[%clk 00:57:52]} {[%emt 00:00:01]} Rb8
{[%clk 00:40:58]} {[%emt 00:00:10]} 26. f4 {[%clk 00:56:54]} {[%emt 00:01:29]}
a5 {[%clk 00:40:49]} {[%emt 00:00:39]} 27. Kf3 {[%clk 00:56:30]} {[%emt
00:00:54]} b5 {[%clk 00:40:24]} {[%emt 00:00:54]} 28. Rc7 {[%clk 00:55:20]}
{[%emt 00:01:39]} Rd8 {[%clk 00:30:01]} {[%emt 00:10:53]} 29. Rxc6 {[%clk
00:55:09]} {[%emt 00:00:42]} Rd2 {[%clk 00:30:16]} {[%emt 00:00:15]} 30. Rc8+
{[%clk 00:51:14]} {[%emt 00:04:26]} Kh7 {[%clk 00:30:36]} {[%emt 00:00:09]} 31.
Rc5 {[%clk 00:50:12]} {[%emt 00:01:32]} b4 {[%clk 00:30:22]} {[%emt 00:00:44]}
32. Rxa5 {[%clk 00:49:36]} {[%emt 00:01:06]} Rxb2 {[%clk 00:30:46]} {[%emt
00:00:07]} 33. Kxe3 {[%clk 00:49:54]} {[%emt 00:00:12]} Rxb3+ {[%clk 00:31:11]}
{[%emt 00:00:05]} 34. Kd4 {[%clk 00:42:25]} {[%emt 00:08:00]} Rb2 {[%clk
00:29:55]} {[%emt 00:01:46]} 35. Kd3 {[%clk 00:40:07]} {[%emt 00:02:48]} b3
{[%clk 00:29:34]} {[%emt 00:00:51]} 36. Rb5 {[%clk 00:39:51]} {[%emt 00:00:47]}
Kg6 {[%clk 00:27:48]} {[%emt 00:02:14]} 37. g4 {[%clk 00:39:44]} {[%emt
00:00:39]} Rb1 {[%clk 00:23:35]} {[%emt 00:04:42]} 38. h3 {[%clk 00:29:07]}
{[%emt 00:11:06]} Rh1 {[%clk 00:16:16]} {[%emt 00:07:48]} 39. Rb6+ {[%clk
00:19:31]} {[%emt 00:10:07]} f6 {[%clk 00:16:29]} {[%emt 00:00:16]} 40. Ke4
{[%clk 00:19:17]} {[%emt 00:00:45]} Rxh3 {[%clk 00:16:05]} {[%emt 00:00:54]}
41. e3 {[%clk 00:19:43]} {[%emt 00:00:04]} Rg3 {[%clk 00:15:31]} {[%emt
00:01:02]} 42. Rxb3 {[%clk 00:18:12]} {[%emt 00:02:04]} Rxg4 {[%clk 00:15:53]}
{[%emt 00:00:08]} 43. Kf3 {[%clk 00:18:35]} {[%emt 00:00:06]} h5 {[%clk
00:12:25]} {[%emt 00:03:57]} 44. Rb1 {[%clk 00:18:30]} {[%emt 00:00:36]} f5
{[%clk 00:12:30]} {[%emt 00:00:25]} 45. Rb6+ {[%clk 00:13:38]} {[%emt
00:05:22]} Kh7 {[%clk 00:09:34]} {[%emt 00:03:24]} 46. Kf2 {[%clk 00:13:06]}
{[%emt 00:01:04]} h4 {[%clk 00:08:47]} {[%emt 00:01:17]} 47. Rb1 {[%clk
00:12:40]} {[%emt 00:00:56]} Kh6 {[%clk 00:04:13]} {[%emt 00:05:04]} 48. Rb6+
{[%clk 00:10:57]} {[%emt 00:02:13]} Kh5 {[%clk 00:01:56]} {[%emt 00:02:45]} 49.
Rb5 {[%clk 00:10:17]} {[%emt 00:01:12]} g6 {[%clk 00:29:05]} {[%emt 00:03:21]}
50. Ra5 {[%clk 00:35:02]} {[%emt 00:05:46]} Kh6 {[%clk 00:23:07]} {[%emt
00:06:27]} 51. Ra8 {[%clk 00:32:50]} {[%emt 00:02:42]} Kg7 {[%clk 00:23:03]}
{[%emt 00:00:33]} 52. Ra6 {[%clk 00:32:25]} {[%emt 00:00:55]} Kf7 {[%clk
00:22:20]} {[%emt 00:01:12]} 53. Rb6 {[%clk 00:32:02]} {[%emt 00:00:54]} g5
{[%clk 00:19:40]} {[%emt 00:03:10]} 54. Rb5 {[%clk 00:29:12]} {[%emt 00:03:21]}
Kf6 {[%clk 00:18:25]} {[%emt 00:01:43]} 55. Rb6+ {[%clk 00:29:19]} {[%emt
00:00:23]} Ke7 {[%clk 00:18:36]} {[%emt 00:00:18]} 56. fxg5 {[%clk 00:25:17]}
{[%emt 00:04:32]} Rxg5 {[%clk 00:19:03]} {[%emt 00:00:03]} 57. Rh6 {[%clk
00:25:37]} {[%emt 00:00:10]} Rg4 {[%clk 00:19:06]} {[%emt 00:00:27]} 58. Kf3
{[%clk 00:25:16]} {[%emt 00:00:51]} Kf7 {[%clk 00:18:40]} {[%emt 00:00:53]} 59.
Rh8 {[%clk 00:24:10]} {[%emt 00:01:38]} Kg7 {[%clk 00:17:39]} {[%emt 00:01:30]}
60. Rh5 {[%clk 00:24:10]} {[%emt 00:00:30]} Kg6 {[%clk 00:18:02]} {[%emt
00:00:07]} 61. Rh8 {[%clk 00:24:39]} {[%emt 00:00:02]} Kf6 {[%clk 00:17:28]}
{[%emt 00:01:04]} 62. Rf8+ {[%clk 00:24:54]} {[%emt 00:00:15]} Ke5 {[%clk
00:17:16]} {[%emt 00:00:39]} 63. Re8+ {[%clk 00:25:13]} {[%emt 00:00:14]} Kd5
{[%clk 00:17:03]} {[%emt 00:00:43]} 64. Rf8 {[%clk 00:25:27]} {[%emt 00:00:16]}
Ke6 {[%clk 00:15:29]} {[%emt 00:02:02]} 65. Rh8 {[%clk 00:25:10]} {[%emt
00:00:48]} Kf7 {[%clk 00:13:14]} {[%emt 00:02:43]} 66. Rh5 {[%clk 00:25:15]}
{[%emt 00:00:28]} Kg6 {[%clk 00:13:24]} {[%emt 00:00:19]} 67. Rh8 {[%clk
00:25:42]} {[%emt 00:00:02]} Rc4 {[%clk 00:12:18]} {[%emt 00:01:36]} 68. Rg8+
{[%clk 00:25:13]} {[%emt 00:01:00]} Kf6 {[%clk 00:11:05]} {[%emt 00:01:42]} 69.
Rf8+ {[%clk 00:25:27]} {[%emt 00:00:16]} Ke6 {[%clk 00:11:29]} {[%emt
00:00:06]} 70. Re8+ {[%clk 00:25:38]} {[%emt 00:00:20]} Kd6 {[%clk 00:11:27]}
{[%emt 00:00:31]} 71. Rd8+ {[%clk 00:25:30]} {[%emt 00:00:39]} Kc7 {[%clk
00:11:27]} {[%emt 00:00:29]} 72. Rf8 {[%clk 00:25:58]} {[%emt 00:00:03]} Rc1
{[%clk 00:11:12]} {[%emt 00:00:45]} 73. Rh8 {[%clk 00:26:06]} {[%emt 00:00:22]}
Rf1+ {[%clk 00:11:09]} {[%emt 00:00:33]} 74. Ke2 {[%clk 00:26:02]} {[%emt
00:00:34]} Rh1 {[%clk 00:11:18]} {[%emt 00:00:21]} 75. Rh5 {[%clk 00:26:07]}
{[%emt 00:00:25]} h3 {[%clk 00:11:16]} {[%emt 00:00:32]} 76. Rxf5 {[%clk
00:26:03]} {[%emt 00:00:34]} h2 {[%clk 00:11:27]} {[%emt 00:00:20]} 77. Rh5
{[%clk 00:26:28]} {[%emt 00:00:04]} Ra1 {[%clk 00:11:32]} {[%emt 00:00:25]} 0-1

[Event "DEM U14 2023"]
[Site "Willingen GER"]
[Date "2023.06.03"]
[Round "9"]
[White "Herrmann, Jakob"]
[Black "Steger, Lukas Daniel"]
[Result "1-0"]
[Termination "normal"]
[Board "16"]
[WhiteElo "2084"]
[BlackElo "1732"]
[WhiteClock "00:59:45"]
[BlackClock "00:30:09"]
[PlyCount "87"]
[WhiteFideId "16287169"]
[BlackFideId "3335151"]
[EventCountry "GER"]
[EventRounds "9"]
[EventType "swiss"]
[EventDate "2023.05.27"]

1. e4 {[%clk 01:30:57]} {[%emt 00:00:03]} c5 {[%clk 01:30:54]} {[%emt
00:00:07]} 2. Nf3 {[%clk 01:31:21]} {[%emt 00:00:06]} d6 {[%clk 01:31:19]}
{[%emt 00:00:04]} 3. Bb5+ {[%clk 01:31:45]} {[%emt 00:00:07]} Nd7 {[%clk
01:31:31]} {[%emt 00:00:17]} 4. Ba4 {[%clk 01:32:04]} {[%emt 00:00:12]} Ngf6
{[%clk 01:25:18]} {[%emt 00:06:44]} 5. O-O {[%clk 01:32:03]} {[%emt 00:00:30]}
a6 {[%clk 01:24:11]} {[%emt 00:01:37]} 6. c4 {[%clk 01:32:23]} {[%emt
00:00:10]} e5 {[%clk 01:13:16]} {[%emt 00:11:25]} 7. Nc3 {[%clk 01:32:00]}
{[%emt 00:00:52]} Be7 {[%clk 01:12:09]} {[%emt 00:01:38]} 8. d3 {[%clk
01:32:19]} {[%emt 00:00:12]} h6 {[%clk 01:11:51]} {[%emt 00:00:49]} 9. h3
{[%clk 01:32:29]} {[%emt 00:00:18]} O-O {[%clk 01:11:23]} {[%emt 00:00:56]} 10.
a3 {[%clk 01:32:45]} {[%emt 00:00:16]} Rb8 {[%clk 01:01:31]} {[%emt 00:10:23]}
11. Nh2 {[%clk 01:26:08]} {[%emt 00:07:05]} Ne8 {[%clk 00:50:55]} {[%emt
00:11:07]} 12. f4 {[%clk 01:17:43]} {[%emt 00:08:55]} Nc7 {[%emt 00:10:23]} 13.
Bxd7 {[%clk 01:16:37]} {[%emt 00:01:35]} Bxd7 {[%clk 00:39:55]} {[%emt
00:01:39]} 14. f5 {[%clk 01:16:58]} {[%emt 00:00:09]} Bg5 {[%clk 00:34:21]}
{[%emt 00:06:02]} 15. Ng4 {[%clk 01:02:48]} {[%emt 00:14:40]} Bxc1 {[%clk
00:30:32]} {[%emt 00:04:19]} 16. Rxc1 {[%clk 01:02:53]} {[%emt 00:00:25]} Qg5
{[%clk 00:29:36]} {[%emt 00:01:26]} 17. Rf3 {[%clk 00:50:18]} {[%emt 00:13:05]}
h5 {[%clk 00:19:25]} {[%emt 00:10:41]} 18. Ne3 {[%clk 00:50:23]} {[%emt
00:00:24]} b5 {[%clk 00:18:34]} {[%emt 00:01:22]} 19. Rb1 {[%clk 00:44:54]}
{[%emt 00:05:59]} Bc6 {[%clk 00:14:04]} {[%emt 00:05:00]} 20. Qe1 {[%clk
00:43:49]} {[%emt 00:01:34]} b4 {[%clk 00:12:59]} {[%emt 00:01:36]} 21. Rg3
{[%clk 00:43:22]} {[%emt 00:00:57]} Qh6 {[%clk 00:12:26]} {[%emt 00:01:03]} 22.
Ne2 {[%clk 00:40:54]} {[%emt 00:02:58]} Rb7 {[%clk 00:10:43]} {[%emt 00:02:13]}
23. axb4 {[%clk 00:40:15]} {[%emt 00:01:07]} Rxb4 {[%clk 00:10:47]} {[%emt
00:00:27]} 24. Qf2 {[%clk 00:40:36]} {[%emt 00:00:09]} Qf6 {[%clk 00:08:48]}
{[%emt 00:02:29]} 25. h4 {[%clk 00:38:06]} {[%emt 00:03:01]} Rfb8 {[%clk
00:08:30]} {[%emt 00:00:49]} 26. Nd1 {[%clk 00:38:11]} {[%emt 00:00:25]} Ba4
{[%clk 00:07:51]} {[%emt 00:01:09]} 27. Nec3 {[%clk 00:36:08]} {[%emt
00:02:33]} Bxd1 {[%clk 00:07:57]} {[%emt 00:00:24]} 28. Nxd1 {[%clk 00:36:32]}
{[%emt 00:00:05]} a5 {[%clk 00:07:26]} {[%emt 00:01:03]} 29. Rg5 {[%clk
00:36:37]} {[%emt 00:00:25]} Na6 {[%clk 00:04:59]} {[%emt 00:02:57]} 30. Ra1
{[%clk 00:36:33]} {[%emt 00:00:34]} Rb3 {[%clk 00:04:14]} {[%emt 00:01:14]} 31.
Qc2 {[%clk 00:35:45]} {[%emt 00:01:18]} Qd8 {[%clk 00:03:23]} {[%emt 00:01:21]}
32. Qe2 {[%clk 00:28:15]} {[%emt 00:08:00]} Nb4 {[%clk 00:01:24]} {[%emt
00:02:29]} 33. Nc3 {[%clk 00:28:31]} {[%emt 00:00:14]} Nc6 {[%clk 00:01:10]}
{[%emt 00:00:44]} 34. Qxh5 {[%clk 00:28:53]} {[%emt 00:00:09]} Nd4 {[%clk
00:00:35]} {[%emt 00:01:04]} 35. Qh6 {[%clk 00:28:55]} {[%emt 00:00:29]} Qf8
{[%clk 00:00:35]} {[%emt 00:00:30]} 36. Nd5 {[%clk 00:29:09]} {[%emt 00:00:16]}
f6 {[%clk 00:00:37]} {[%emt 00:00:29]} 37. Nxf6+ {[%clk 00:29:28]} {[%emt
00:00:10]} Kf7 {[%clk 00:00:47]} {[%emt 00:00:21]} 38. Qg6+ {[%clk 00:29:52]}
{[%emt 00:00:06]} Ke7 {[%clk 00:00:58]} {[%emt 00:00:19]} 39. Nd5+ {[%clk
00:29:59]} {[%emt 00:00:23]} Kd8 {[%clk 00:01:16]} {[%emt 00:00:12]} 40. Rxa5
{[%clk 00:28:40]} {[%emt 00:01:49]} Rxb2 {[%clk 00:01:21]} {[%emt 00:00:25]}
41. Ra6 {[%clk 00:28:54]} {[%emt 00:00:15]} Nf3+ {[%clk 00:29:55]} {[%emt
00:01:56]} 42. gxf3 {[%clk 00:59:05]} {[%emt 00:00:19]} Rb1+ {[%clk 00:29:49]}
{[%emt 00:00:36]} 43. Kh2 {[%clk 00:59:29]} {[%emt 00:00:06]} R8b2+ {[%clk
00:30:09]} {[%emt 00:00:10]} 44. Rg2 {[%clk 00:59:45]} {[%emt 00:00:14]} 1-0

[Event "DEM U14 2023"]
[Site "Willingen GER"]
[Date "2023.06.03"]
[Round "9"]
[White "Limmer, Marco"]
[Black "Wylie, Leonard"]
[Result "1-0"]
[Termination "normal"]
[Board "17"]
[WhiteElo "1774"]
[BlackElo "1546"]
[WhiteClock "00:22:28"]
[BlackClock "00:49:00"]
[PlyCount "73"]
[WhiteFideId "34603506"]
[BlackFideId "479616"]
[EventCountry "GER"]
[EventRounds "9"]
[EventType "swiss"]
[EventDate "2023.05.27"]

1. Nf3 {[%clk 01:30:58]} {[%emt 00:00:01]} Nf6 {[%clk 01:30:56]} {[%emt
00:00:05]} 2. g3 {[%clk 01:31:23]} {[%emt 00:00:07]} b5 {[%clk 01:31:21]}
{[%emt 00:00:04]} 3. Bg2 {[%clk 01:31:35]} {[%emt 00:00:18]} Bb7 {[%clk
01:31:45]} {[%emt 00:00:06]} 4. O-O {[%clk 01:31:48]} {[%emt 00:00:19]} e6
{[%clk 01:32:09]} {[%emt 00:00:09]} 5. d3 {[%clk 01:31:47]} {[%emt 00:00:26]}
Be7 {[%clk 01:32:27]} {[%emt 00:00:11]} 6. e4 {[%clk 01:31:38]} {[%emt
00:00:41]} d5 {[%clk 01:32:25]} {[%emt 00:00:30]} 7. e5 {[%clk 01:30:37]}
{[%emt 00:01:31]} Nfd7 {[%clk 01:32:46]} {[%emt 00:00:10]} 8. Re1 {[%clk
01:30:29]} {[%emt 00:00:37]} c5 {[%clk 01:33:00]} {[%emt 00:00:16]} 9. Nbd2
{[%clk 01:29:04]} {[%emt 00:01:56]} Nc6 {[%clk 01:31:26]} {[%emt 00:02:05]} 10.
Qe2 {[%clk 01:28:52]} {[%emt 00:00:40]} a6 {[%clk 01:29:26]} {[%emt 00:02:30]}
11. Nf1 {[%clk 01:27:39]} {[%emt 00:01:42]} Bc8 {[%clk 01:29:30]} {[%emt
00:00:26]} 12. h4 {[%clk 01:25:47]} {[%emt 00:02:22]} Qc7 {[%clk 01:26:14]}
{[%emt 00:03:46]} 13. Bf4 {[%clk 01:24:36]} {[%emt 00:01:42]} Bb7 {[%clk
01:25:01]} {[%emt 00:01:41]} 14. N1h2 {[%clk 01:22:13]} {[%emt 00:02:54]} h6
{[%clk 01:21:38]} {[%emt 00:03:54]} 15. Ng4 {[%clk 01:20:12]} {[%emt 00:02:30]}
O-O-O {[%clk 01:21:15]} {[%emt 00:00:53]} 16. c4 {[%clk 01:16:48]} {[%emt
00:03:55]} dxc4 {[%clk 01:21:27]} {[%emt 00:00:18]} 17. dxc4 {[%clk 01:17:12]}
{[%emt 00:00:06]} b4 {[%clk 01:21:47]} {[%emt 00:00:10]} 18. a3 {[%clk
01:10:06]} {[%emt 00:07:36]} a5 {[%clk 01:20:26]} {[%emt 00:01:50]} 19. axb4
{[%clk 01:09:42]} {[%emt 00:00:54]} axb4 {[%clk 01:20:30]} {[%emt 00:00:26]}
20. Qf1 {[%clk 00:48:24]} {[%emt 00:21:48]} Qb6 {[%clk 01:16:53]} {[%emt
00:04:07]} 21. Ra4 {[%clk 00:40:54]} {[%emt 00:08:01]} Kc7 {[%clk 01:14:52]}
{[%emt 00:02:30]} 22. Ne3 {[%clk 00:37:35]} {[%emt 00:03:49]} g5 {[%clk
01:05:29]} {[%emt 00:09:54]} 23. hxg5 {[%clk 00:34:00]} {[%emt 00:04:05]} hxg5
{[%clk 01:05:53]} {[%emt 00:00:06]} 24. Nxg5 {[%clk 00:33:32]} {[%emt
00:00:59]} Bxg5 {[%clk 01:06:17]} {[%emt 00:00:05]} 25. Bxg5 {[%clk 00:33:58]}
{[%emt 00:00:05]} Rdg8 {[%clk 01:06:33]} {[%emt 00:00:12]} 26. Bf4 {[%clk
00:32:49]} {[%emt 00:01:41]} Ncxe5 {[%clk 01:05:06]} {[%emt 00:01:55]} 27. Nd5+
{[%clk 00:28:58]} {[%emt 00:04:23]} exd5 {[%clk 00:59:09]} {[%emt 00:06:26]}
28. Bxe5+ {[%clk 00:29:08]} {[%emt 00:00:21]} Nxe5 {[%clk 00:59:23]} {[%emt
00:00:16]} 29. Rxe5 {[%clk 00:29:32]} {[%emt 00:00:06]} Re8 {[%clk 00:55:43]}
{[%emt 00:04:04]} 30. Rxe8 {[%clk 00:23:04]} {[%emt 00:07:04]} Rxe8 {[%clk
00:56:05]} {[%emt 00:00:08]} 31. Bxd5 {[%clk 00:23:12]} {[%emt 00:00:22]} Bxd5
{[%clk 00:56:23]} {[%emt 00:00:13]} 32. cxd5 {[%clk 00:23:38]} {[%emt
00:00:04]} Rd8 {[%clk 00:50:22]} {[%emt 00:06:27]} 33. Ra6 {[%clk 00:23:15]}
{[%emt 00:00:56]} Qb7 {[%clk 00:50:29]} {[%emt 00:00:21]} 34. Rc6+ {[%clk
00:23:34]} {[%emt 00:00:14]} Kb8 {[%clk 00:50:42]} {[%emt 00:00:14]} 35. Qc4
{[%clk 00:23:09]} {[%emt 00:00:56]} Rc8 {[%clk 00:49:00]} {[%emt 00:02:12]} 36.
Qxc5 {[%clk 00:22:05]} {[%emt 00:01:35]} Rxc6 {[%emt 00:00:29]} 37. dxc6 {[%clk
00:22:28]} {[%emt 00:00:07]} 1-0

[Event "DEM U14 2023"]
[Site "Willingen GER"]
[Date "2023.06.03"]
[Round "9"]
[White "Uyar, Levin"]
[Black "Skembris, Simon Max"]
[Result "1/2-1/2"]
[Termination "normal"]
[Board "18"]
[WhiteElo "1700"]
[BlackElo "1967"]
[WhiteClock "00:04:43"]
[BlackClock "00:02:35"]
[PlyCount "98"]
[WhiteFideId "16282108"]
[BlackFideId "16281381"]
[EventCountry "GER"]
[EventRounds "9"]
[EventType "swiss"]
[EventDate "2023.05.27"]

1. e4 {[%clk 01:30:56]} {[%emt 00:00:06]} c5 {[%clk 01:30:51]} {[%emt
00:00:08]} 2. Nf3 {[%clk 01:31:21]} {[%emt 00:00:05]} Nc6 {[%clk 01:31:08]}
{[%emt 00:00:13]} 3. d4 {[%clk 01:31:45]} {[%emt 00:00:05]} cxd4 {[%clk
01:31:36]} {[%emt 00:00:03]} 4. Nxd4 {[%clk 01:32:08]} {[%emt 00:00:07]} g6
{[%clk 01:31:57]} {[%emt 00:00:09]} 5. Be3 {[%clk 01:32:09]} {[%emt 00:00:29]}
Bg7 {[%clk 01:32:02]} {[%emt 00:00:25]} 6. Nc3 {[%clk 01:32:22]} {[%emt
00:00:16]} Nf6 {[%clk 01:30:40]} {[%emt 00:01:52]} 7. f3 {[%clk 01:29:11]}
{[%emt 00:03:41]} O-O {[%clk 01:26:43]} {[%emt 00:04:27]} 8. Qd2 {[%clk
01:28:07]} {[%emt 00:01:33]} d5 {[%clk 01:25:31]} {[%emt 00:01:44]} 9. exd5
{[%clk 01:05:16]} {[%emt 00:23:21]} Nxd5 {[%clk 01:22:51]} {[%emt 00:03:09]}
10. Nxc6 {[%clk 01:04:20]} {[%emt 00:01:26]} bxc6 {[%clk 01:21:11]} {[%emt
00:02:09]} 11. Bd4 {[%clk 01:03:43]} {[%emt 00:01:07]} Nxc3 {[%clk 01:13:25]}
{[%emt 00:08:16]} 12. Bxg7 {[%clk 00:55:28]} {[%emt 00:08:43]} Qxd2+ {[%clk
01:11:18]} {[%emt 00:02:40]} 13. Kxd2 {[%clk 00:55:53]} {[%emt 00:00:05]} Kxg7
{[%clk 01:09:43]} {[%emt 00:02:05]} 14. Kxc3 {[%clk 00:56:15]} {[%emt
00:00:07]} e5 {[%clk 01:08:48]} {[%emt 00:01:25]} 15. Bc4 {[%clk 00:54:52]}
{[%emt 00:01:53]} Bb7 {[%clk 01:04:11]} {[%emt 00:05:08]} 16. Rhe1 {[%clk
00:52:03]} {[%emt 00:03:19]} f6 {[%clk 01:03:08]} {[%emt 00:01:33]} 17. f4
{[%clk 00:46:55]} {[%emt 00:05:37]} Rfe8 {[%clk 00:56:43]} {[%emt 00:06:56]}
18. Rad1 {[%clk 00:44:52]} {[%emt 00:02:33]} Re7 {[%clk 00:53:44]} {[%emt
00:03:29]} 19. Rd6 {[%clk 00:40:23]} {[%emt 00:04:59]} Rae8 {[%clk 00:49:04]}
{[%emt 00:05:09]} 20. fxe5 {[%clk 00:39:38]} {[%emt 00:01:16]} fxe5 {[%clk
00:47:31]} {[%emt 00:02:04]} 21. Red1 {[%clk 00:36:21]} {[%emt 00:03:46]} e4
{[%clk 00:44:53]} {[%emt 00:03:07]} 22. b4 {[%clk 00:34:39]} {[%emt 00:02:12]}
e3 {[%clk 00:40:57]} {[%emt 00:04:25]} 23. a4 {[%clk 00:34:07]} {[%emt
00:01:02]} Bc8 {[%clk 00:35:44]} {[%emt 00:05:44]} 24. Be2 {[%clk 00:26:29]}
{[%emt 00:08:07]} Bf5 {[%clk 00:32:02]} {[%emt 00:04:13]} 25. Bf3 {[%clk
00:15:08]} {[%emt 00:11:51]} Be4 {[%clk 00:29:20]} {[%emt 00:03:12]} 26. Bxe4
{[%clk 00:11:22]} {[%emt 00:04:17]} Rxe4 {[%clk 00:29:34]} {[%emt 00:00:15]}
27. Re1 {[%clk 00:11:46]} {[%emt 00:00:05]} a5 {[%clk 00:23:00]} {[%emt
00:07:05]} 28. Rd4 {[%clk 00:07:59]} {[%emt 00:04:17]} Rxd4 {[%clk 00:21:49]}
{[%emt 00:01:41]} 29. Kxd4 {[%clk 00:08:23]} {[%emt 00:00:06]} axb4 {[%clk
00:20:44]} {[%emt 00:01:35]} 30. Rxe3 {[%clk 00:08:18]} {[%emt 00:00:35]} Ra8
{[%clk 00:20:08]} {[%emt 00:01:06]} 31. Re6 {[%clk 00:04:54]} {[%emt 00:03:54]}
Rxa4 {[%clk 00:18:42]} {[%emt 00:01:56]} 32. Kc4 {[%clk 00:05:04]} {[%emt
00:00:20]} c5 {[%clk 00:16:57]} {[%emt 00:02:15]} 33. Re5 {[%clk 00:02:14]}
{[%emt 00:03:19]} Ra2 {[%clk 00:16:10]} {[%emt 00:01:17]} 34. Kb3 {[%clk
00:01:00]} {[%emt 00:01:41]} Ra3+ {[%clk 00:15:47]} {[%emt 00:00:57]} 35. Kb2
{[%clk 00:01:11]} {[%emt 00:00:18]} Rc3 {[%clk 00:15:25]} {[%emt 00:00:52]} 36.
Re7+ {[%clk 00:01:10]} {[%emt 00:00:31]} Kh6 {[%clk 00:08:30]} {[%emt
00:07:24]} 37. Rc7 {[%clk 00:01:13]} {[%emt 00:00:27]} g5 {[%clk 00:06:51]}
{[%emt 00:02:10]} 38. g4 {[%clk 00:01:05]} {[%emt 00:00:38]} Rc4 {[%clk
00:03:17]} {[%emt 00:04:05]} 39. h3 {[%clk 00:00:56]} {[%emt 00:00:39]} Rc3
{[%clk 00:03:10]} {[%emt 00:00:36]} 40. Rc6+ {[%clk 00:01:20]} {[%emt
00:00:06]} Kg7 {[%clk 00:03:35]} {[%emt 00:00:05]} 41. Rc7+ {[%clk 00:01:43]}
{[%emt 00:00:07]} Kg6 {[%clk 00:02:05]} {[%emt 00:02:00]} 42. Rc6+ {[%clk
00:02:08]} {[%emt 00:00:05]} Kf7 {[%clk 00:02:04]} {[%emt 00:00:32]} 43. Rc7+
{[%clk 00:02:31]} {[%emt 00:00:05]} Kg6 {[%clk 00:00:47]} {[%emt 00:01:49]} 44.
Rc6+ {[%clk 00:02:56]} {[%emt 00:00:05]} Kg7 {[%clk 00:01:09]} {[%emt
00:00:08]} 45. Rc7+ {[%clk 00:03:20]} {[%emt 00:00:06]} Kg6 {[%clk 00:01:26]}
{[%emt 00:00:13]} 46. Rc6+ {[%clk 00:03:43]} {[%emt 00:00:08]} Kg7 {[%clk
00:01:52]} {[%emt 00:00:04]} 47. Rc7+ {[%clk 00:04:08]} {[%emt 00:00:05]} Kg6
{[%clk 00:02:11]} {[%emt 00:00:11]} 48. Rc6+ {[%clk 00:04:33]} {[%emt
00:00:06]} Kg7 {[%clk 00:02:35]} {[%emt 00:00:06]} 49. Rc7+ {[%clk 00:04:43]}
{[%emt 00:00:20]} Kg6 {[%emt 00:00:31]} 1/2-1/2